| 000 | 00501nmm a2200181Ia 4500 | ||
|---|---|---|---|
| 008 | 251105s9999||||xx |||||||||||||||||und|| | ||
| 041 | _aspa | ||
| 100 | _aPaine, Crispin | ||
| 245 | 0 |
_aEl museo : _b Manual Internacional |
|
| 264 |
_a[Madrid, España] : _bAkal, _c2022 |
||
| 300 | _a542 páginas | ||
| 490 | _aArte y estética | ||
| 650 | _aArts in general | ||
| 700 | _aPaine, Crispin | ||
| 700 | 1 | _a Ambrose, Timothy | |
| 856 | _uhttps://public.digitaliapublishing.com/a/113689 | ||
| 942 | _cCF | ||
| 999 |
_c69673 _d69673 |
||